| 000 | 00580nam a2200169Ia 4500 | ||
|---|---|---|---|
| 008 | 100122s9999 xx 000 0 und d | ||
| 082 |
_b3197 _a821 |
||
| 100 | _aटिपणीस गो गो | ||
| 245 | _aमहाराष्ट्र वेद एकनाथ | ||
| 260 |
_bमनोरंजन प्रेस _c1924 |
||
| 300 | _a60 | ||
| 520 | _aदुर्मिळ | ||
| 620 | _aदुर्मिळ | ||
| 630 | _aमहाराष्ट्र वेद एकनाथ | ||
| 730 | _aमहाराष्ट्र वेद एकनाथ | ||
| 942 | _cBOOK | ||
| 999 |
_c397320 _d397317 |
||